000 01078nam a22002657a 4500
999 _c64205
_d64205
005 20240530110720.0
008 180321s2016 ua afh g 000 0dara d
017 _a2014/17351
_bمصر. دار الكتب
020 _a9789777188340
040 _aEG-CaGPL
_cEG-CaGPL
082 0 4 _221
_a709.1 /
_bم ف
100 1 _aمارسييه، جورج
245 1 2 _aالفن الاسلامى /
_cتاليف جورج مارسييه ؛ ترجمة عبلة عبدالرزاق ؛ مراجعة عاطف عبدالسلام
250 _aط.1
260 _aالقاهرة :
_bالمركز القومى للترجمة ،
_c2016.
300 _a343 ص. :
_bايض ؛
_c24 سم.
490 0 _aالمركز القومى للترجمة ؛
_v2648.
650 0 7 _2qrmak
_aالفن الاسلامى
650 0 7 _2qrmak
_aالعمارة الاسلامية
650 0 7 _2qrmak
_aالفن الاسلامى
_xتاريخ
700 0 _aعبلة عبدالرزاق
_eمترجم
700 0 _aعاطف عبدالسلام
_eمراجع
942 _2ddc
_cBK